Сборник задач по сопротивлению материалов: учебное пособие для вузов

التفاصيل البيبلوغرافية
المؤلف الرئيسي: Беляев Н. М. Николай Михайлович
مؤلفون آخرون: Качурин В. К. (редактор)
اللغة:الروسية
منشور في: Москва, Наука, 1966
الطبعة:10-е изд., стер.
الموضوعات:
التنسيق: MixedMaterials كتاب
KOHA link:https://koha.lib.tpu.ru/cgi-bin/koha/opac-detail.pl?biblionumber=53061

MARC

LEADER 00000nam0a2200000 4500
001 53061
005 20231031044048.0
035 |a (RuTPU)RU\TPU\book\55641 
035 |a RU\TPU\book\45064 
090 |a 53061 
100 |a 20030611d1966 m y0rusy50 ca 
101 0 |a rus 
102 |a RU 
105 |a a j 000zy 
200 1 |a Сборник задач по сопротивлению материалов  |e учебное пособие для вузов  |f Н. М. Беляев  |g Под ред. В. К. Качурина 
205 |a 10-е изд., стер. 
210 |a Москва  |c Наука  |d 1966 
215 |a 348 с.  |c ил. 
610 1 |a физика 
610 1 |a сопротивление материалов 
610 1 |a растяжение 
610 1 |a сжатие 
610 1 |a напряжение 
610 1 |a сдвиг 
610 1 |a кручение 
610 1 |a изгибы 
610 1 |a деформация 
610 1 |a сложное сопротивление 
610 1 |a устойчивость 
610 1 |a нагрузки 
610 1 |a расчет 
610 1 |a задачи 
610 1 |a ответы 
610 1 |a практические пособия 
610 1 |a учебные пособия 
675 |a 620.16(076)  |v 3 
700 1 |a Беляев  |b Н. М.  |g Николай Михайлович 
702 1 |a Качурин  |b В. К.  |4 340 
801 1 |a RU  |b 63413507  |c 20021011  |g PSBO 
801 2 |a RU  |b 63413507  |c 20190829  |g PSBO 
900 |a Сопротивление материалов 
942 |c BK